The FA Cup Quiz - Statistics

General Stats
  • This quiz has been taken 179 times
    139 since last reset
  • The average score is 4 of 10
Answer Stats
Hint Answer % Correct
The winners of the first Cup final decided on penalties Arsenal
85%
The year the first match was played 1871
66%
Two clubs with most wins Manchester United & Arsenal
66%
The year the FA Cup final was first staged 1872
63%
Last year that a second division club won the Cup (it was West Ham United) 1980
53%
The first ever runners up Royal Engineers
33%
Supplier of the match ball Umbro
28%
Manager when Chelsea won in 2009/2010 Carlo Ancelotti
13%
The manager who won a record six FA Cups with Aston Villa George Ramsay
5%
Most goals scored by one player (including qualifying rounds) 49
3%
No matching quizzes found
Score Distribution
Percent of People with Each Score
Percentile by Number Answered
Your Score History
You have not taken this quiz since the last reset